ZWIERZĘTA na literę F - Statystyki

Ogólne statystyki
  • Ten quiz został rozwiązany 183 razy
  • Średni wynik to 5 z 7
Statystyki odpowiedzi
Obrazkowy Odpowiedź % Poprawnych
Foka pospolita
99%
Flaming różowy
97%
Fenek pustynny
86%
Fretka domowa
76%
Flądra bałtycka
73%
Fregata duża
27%
Finwal
20%
Nie znaleziono quizów pasujących do podanych kryteriów
Rozkład punktacji
Procent ludzi z każdym wynikiem
Percentyl według liczby udzielonych odpowiedzi
Twoja historia wyników
Nie rozwiązałeś tego quizu